| 000 | 00651nam a22002057a 4500 | ||
|---|---|---|---|
| 999 |
_c15311 _d15311 |
||
| 003 | AR-CdUCM | ||
| 008 | 190329b ||||| |||| 00| 0 spa d | ||
| 020 | _a978-612-4299-23-0 | ||
| 040 |
_aMUNICIPALIDAD PROVINCIAL DEL CUSCO _cBIBLIOTECA MUNICIPAL DEL CUSCO |
||
| 082 |
_aPI / 803 / _bME39 |
||
| 100 |
_aMejía, Luis José _926917 |
||
| 245 | _aJosefa y los tamaños / | ||
| 260 |
_aLima : _bSantillana, _bLoqueleo, _c2015. |
||
| 300 |
_bilustraciones, _c22 cm. _a35 páginas ; |
||
| 650 |
_aCuento _94671 |
||
| 650 |
_aLibro infantil _924758 |
||
| 700 |
_aVasquez, Natalia (Ilustradora) _934360 |
||
| 942 |
_2ddc _cLIBROS |
||
| 945 |
_arum _d2019-04-26 |
||